FC St. Pauli Squad 2025-2026 - Statistics

General Stats
  • This quiz has been taken 64 times
    11 since last reset
  • The average score is 8 of 33
Answer Stats
# Position Nation Player % Correct
7 MF Australia Jackson Irvine
75%
- Coach Germany Alexander Blessin
63%
2 DF Greece Manolis Saliakas
63%
1 GK Germany Ben Voll
50%
8 DF Sweden Eric Smith
50%
5 DF Germany Hauke Wahl
50%
28 FW Portugal Mathias Pereira Lage
50%
22 GK Bosnia and Herzegovina Nikola Vasilj
50%
9 FW Gambia Abdoulie Ceesay
38%
27 FW Benin Andréas Hountondji
38%
10 MF Luxembourg Danel Sinani
38%
3 DF Estonia Karol Mets
38%
19 FW Netherlands Martijn Kaars
38%
11 DF Poland Arkadiusz Pyrka
25%
24 MF Australia Connor Metcalfe
25%
4 DF Austria David Nemeth
25%
16 MF Japan Joel Chima Fujita
25%
26 FW England Ricky-Jade Jones
25%
6 MF United States James Sands
13%
23 DF Germany Louis Oppie
13%
42 MF Germany Marwin Schmitz
13%
25 DF Poland Adam Dźwigała
0%
47 GK Canada Emil Gazdov
0%
20 MF Sweden Erik Ahlstrand
0%
14 DF Wales Fin Stevens
0%
34 DF Austria Jannik Robatsch
0%
21 DF Germany Lars Ritzka
0%
20 MF Norway Mathias Rasmussen
0%
17 FW England Oladapo Afolayan
0%
38 FW Germany Romeo Aigbekaen
0%
30 GK Austria Simon Spari
0%
18 FW Japan Taichi Hara
0%
15 DF Japan Tomoya Ando
0%
No matching quizzes found
Score Distribution
Percent of People with Each Score
Percentile by Number Answered
Your Score History
You have not taken this quiz since the last reset